Science Quiz

Random Science Quiz

Suffix Examples LPN Quiz Stats

 Plays Quiz not verified by Sporcle

Challenge
Share
Tweet
Embed
Score 0/20 Timer 05:00
0 Plays Today
Suffixes Meaning % Correct
cardiologystudy of
80%
lymphomatumor
80%
appendectomyremoval of
60%
anemiablood condition
60%
appendicitisinflammation
60%
rhinoplastysurgical repair
60%
myalgiapain
40%
urostomy opening
40%
amenorrheadischarge
40%
venostasisstop
40%
Suffixes Meaning % Correct
thoracentesispuncture of
20%
hemolysisbreaking down
20%
splenomegalyenlargement
20%
osteoporosiscondition of
20%
osteoporosisporous
20%
hemorrhageto burst forth
20%
arthroscopeprocess of examination
20%
angiogramvessels
20%
cystocelepouching
0%
nephrolithiasispresence of
0%

You're not logged in!

Compare scores with friends on all Sporcle quizzes.
OR
Log In

You Might Also Like...

Show Comments

Extras

Created Mar 7, 2011ReportNominate
Tags:example, suffix

Top Quizzes Today


Score Distribution

Your Account Isn't Verified!

In order to create a playlist on Sporcle, you need to verify the email address you used during registration. Go to your Sporcle Settings to finish the process.

Report this User

Report this user for behavior that violates our Community Guidelines.

Details: